Normal view
MARC view
- ABDUL VAHID P
Entry Personal Name
001 - CONTROL NUMBER
- control field: 3949
003 - CONTROL NUMBER IDENTIFIER
- control field: OSt
005 - DATE AND TIME OF LATEST TRANSACTION
- control field: 20181116140046.0
008 - FIXED-LENGTH DATA ELEMENTS
- fixed length control field: 181116|| aca||aabn | a|a d
040 ## - CATALOGING SOURCE
- Original cataloging agency: OSt
- Transcribing agency: OSt
100 ## - HEADING--PERSONAL NAME
- Personal name: ABDUL VAHID P
670 ## - SOURCE DATA FOUND
- Source citation: Work cat.: (OSt)14897: ABDUL VAHID P ANJALI A.V ANJITHA P.K ARUN KRISHNAN A NETHU K.P, Development and Performance Evaluation of a Semi-Automatic Pineapple Peeling Machine
